[Event "Weekend Accademia Primavera"]
[Site "Roma ITA"]
[Date "2011.04.02"]
[Round "4"]
[White "Di Carlo, Adriano"]
[Black "Carola, Paolo"]
[Result "0-1"]
[WhiteElo "1749"]
[BlackElo "1882"]
[PlyCount "70"]
[EventDate "2011.04.01"]

1. e4 e5 2. Nf3 Nf6 3. Nxe5 d6 4. Nf3 Nxe4 5. Nc3 Nxc3 6. dxc3 Be7 7. Be3 O-O
8. Bd3 Nd7 9. Qd2 Ne5 10. Nxe5 dxe5 11. h4 Be6 12. O-O-O Bxa2 13. Qe2 Qe8 14.
Qh5 f5 15. Qxe8 Raxe8 16. b3 Ba3+ 17. Kd2 f4 18. Bxa7 Ra8 19. Ra1 Rxa7 20. Rxa2
Bc1+ 21. Kxc1 Rxa2 22. Kd2 Rfa8 23. Re1 Re8 24. Be4 c6 25. b4 Rd8+ 26. Ke2 Ra3
27. c4 Rd4 28. Kf1 Rxc4 29. Bd3 Rxb4 30. Rxe5 f3 31. gxf3 Rxh4 32. Re3 Kf7 33.
Bc4+ Rxc4 34. Rxa3 Rxc2 35. Ra7 Rb2 0-1

[Event "Weekend Accademia Primavera"]
[Site "Roma ITA"]
[Date "2011.04.02"]
[Round "4"]
[White "Disi, Federico"]
[Black "Caruso, Antonino"]
[Result "0-1"]
[WhiteElo "1386"]
[BlackElo "1723"]
[PlyCount "66"]
[EventDate "2011.04.01"]

1. e4 c6 2. d4 g6 3. f4 Bg7 4. Nf3 Nf6 5. Nc3 O-O 6. b3 d5 7. e5 Ng4 8. Bd3 a5
9. Bb2 b6 10. Qd2 Ba6 11. O-O-O e6 12. Ba3 Re8 13. Kb1 b5 14. Bb2 f6 15. Rde1
b4 16. Bxa6 bxc3 17. Bxc3 Rxa6 18. h3 Nh6 19. Rhf1 Qb6 20. Qe2 f5 21. Rg1 Nd7
22. g4 c5 23. dxc5 Nxc5 24. g5 Ne4 25. Bd4 Qxd4 26. Qxa6 Nc3+ 27. Kb2 Na4+ 28.
Kc1 Qb2+ 29. Kd1 Nc3+ 30. Kd2 Ne4+ 31. Kd1 Qb1+ 32. Ke2 Qxc2+ 33. Kf1 Qf2# 0-1

[Event "Weekend Accademia Primavera"]
[Site "Roma ITA"]
[Date "2011.04.02"]
[Round "4"]
[White "Maddaloni, Giovanni"]
[Black "Covello, Danilo"]
[Result "0-1"]
[WhiteElo "1827"]
[BlackElo "1455"]
[PlyCount "78"]
[EventDate "2011.04.01"]

1. e4 e6 2. d4 d5 3. Nc3 Nf6 4. e5 Nfd7 5. f4 c5 6. Nce2 Nc6 7. Nf3 Qc7 8. c3
b5 9. h4 Bb7 10. Be3 a5 11. Rh3 b4 12. Rc1 Qb6 13. g4 Ba6 14. Ng3 Bxf1 15. Kxf1
c4 16. Rh2 O-O-O 17. Bg1 Be7 18. Ng5 Rdf8 19. b3 Qa6 20. cxb4 axb4 21. bxc4
dxc4 22. N3e4 Nb6 23. Nc5 Bxc5 24. dxc5 Nd5 25. Ne4 c3+ 26. Qe2 Qxe2+ 27. Kxe2
Nxf4+ 28. Ke3 Nd5+ 29. Kf2 Kd7 30. Nd6 Ra8 31. Kf3 Nxe5+ 32. Kg3 f6 33. g5 Raf8
34. Rf1 fxg5 35. Rxf8 Rxf8 36. Bd4 Rf3+ 37. Kg2 Nf4+ 38. Kg1 Ng4 39. Rc2 Rd3
0-1

[Event "Weekend Accademia Primavera"]
[Site "Roma ITA"]
[Date "2011.04.02"]
[Round "4"]
[White "Milani, Patrizia"]
[Black "Marelli, Emanuele"]
[Result "0-1"]
[WhiteElo "1464"]
[BlackElo "1622"]
[PlyCount "72"]
[EventDate "2011.04.01"]

1. d4 d5 2. c4 e5 3. e3 Bb4+ 4. Bd2 Bxd2+ 5. Qxd2 exd4 6. Qxd4 Nf6 7. Nc3 Nc6
8. Qc5 Qe7 9. Qxe7+ Nxe7 10. Nb5 Kd8 11. cxd5 a6 12. d6 axb5 13. dxe7+ Kxe7 14.
Bxb5 Be6 15. b3 Bxb3 16. Rb1 Bxa2 17. Rb2 Bd5 18. f3 Ra1+ 19. Kf2 Rha8 20. e4
R8a2 21. Rxa2 Bxa2 22. h4 h5 23. Rh3 c5 24. Ne2 Be6 25. Rg3 g6 26. Nf4 Ra2+ 27.
Kg1 Ra1+ 28. Kh2 Bd7 29. Bc4 b5 30. Bxf7 Kxf7 31. Nxg6 c4 32. Ne5+ Ke6 33. Ng6
c3 34. e5 c2 35. f4 c1=Q 36. Nf8+ Kf7 0-1

[Event "Weekend Accademia Primavera"]
[Site "Roma ITA"]
[Date "2011.04.02"]
[Round "4"]
[White "Minikh, Edouard"]
[Black "Movileanu, Daniela"]
[Result "1-0"]
[WhiteElo "1923"]
[BlackElo "1940"]
[PlyCount "75"]
[EventDate "2011.04.01"]

1. d4 g6 2. c4 Bg7 3. Nc3 d6 4. g3 Nd7 5. Bg2 e5 6. e3 Ne7 7. Nge2 O-O 8. O-O
f5 9. dxe5 dxe5 10. b3 e4 11. Ba3 c5 12. Qc2 Qa5 13. Bb2 Ne5 14. Rad1 Be6 15.
Nf4 Bf7 16. Ncd5 Nxd5 17. Nxd5 Nd3 18. Bxg7 Kxg7 19. f3 Bxd5 20. cxd5 Rfe8 21.
fxe4 fxe4 22. Bxe4 Rxe4 23. Rxd3 Rae8 24. d6 Qb6 25. d7 Rd8 26. Qd2 Re7 27. Rd1
Qc7 28. Qc3+ Kg8 29. Qc4+ Kg7 30. Qc3+ Kg8 31. Qd2 Kg7 32. Rd6 Rf7 33. e4 Re7
34. e5 c4 35. Qd4 cxb3 36. axb3 Kg8 37. b4 a6 38. e6 1-0

[Event "Weekend Accademia Primavera"]
[Site "Roma ITA"]
[Date "2011.04.02"]
[Round "4"]
[White "Prudenzano, Ruggero"]
[Black "Pipitone, Filippo Massimo"]
[Result "1-0"]
[WhiteElo "1953"]
[BlackElo "1577"]
[PlyCount "71"]
[EventDate "2011.04.01"]

1. d4 d5 2. c4 e6 3. Nc3 Nf6 4. cxd5 exd5 5. Bg5 Be7 6. e3 O-O 7. Bd3 Be6 8.
Nf3 Nbd7 9. Qc2 c6 10. O-O h6 11. Bh4 Rc8 12. Rab1 c5 13. dxc5 Nxc5 14. Nd4 a6
15. b4 Nce4 16. Rb3 Nxc3 17. Rxc3 Bxb4 18. Rxc8 Qxc8 19. Bxf6 gxf6 20. Qb1 a5
21. Bf5 Re8 22. Bxe6 fxe6 23. Qg6+ Kf8 24. Qxf6+ Kg8 25. Qg6+ Kf8 26. Qf6+ Kg8
27. Qxh6 e5 28. Qg6+ Kf8 29. Nf5 Qd7 30. Qf6+ Qf7 31. Qh8+ Qg8 32. Qh6+ Kf7 33.
Qb6 Kf8 34. f4 e4 35. Rc1 Qh7 36. g4 1-0

[Event "Weekend Accademia Primavera"]
[Site "Roma ITA"]
[Date "2011.04.02"]
[Round "4"]
[White "Quimi, Marco"]
[Black "Gromovs, Sergejs"]
[Result "1/2-1/2"]
[WhiteElo "2140"]
[BlackElo "2308"]
[PlyCount "23"]
[EventDate "2011.04.01"]

1. d4 d5 2. Nf3 Nf6 3. Bf4 Bf5 4. Nbd2 e6 5. e3 Bd6 6. c3 O-O 7. Be2 Bxf4 8.
exf4 Qd6 9. g3 c5 10. O-O Nc6 11. dxc5 Qxc5 12. Re1 1/2-1/2

[Event "Weekend Accademia Primavera"]
[Site "Roma ITA"]
[Date "2011.04.02"]
[Round "4"]
[White "Reina, Giuseppe"]
[Black "Tulli, Cesare"]
[Result "1-0"]
[WhiteElo "1830"]
[BlackElo "1479"]
[PlyCount "107"]
[EventDate "2011.04.01"]

1. Nf3 d5 2. d4 Nf6 3. c4 dxc4 4. Nc3 e6 5. e3 Be7 6. Bxc4 O-O 7. O-O a6 8. b3
b5 9. Bd3 Bb7 10. Bb2 Nbd7 11. Rc1 Rc8 12. Qe2 c5 13. Rfd1 Qb6 14. dxc5 Nxc5
15. Bb1 Rfd8 16. Rxd8+ Rxd8 17. Nd1 Qa5 18. Bc3 b4 19. Bd4 Nce4 20. Ne5 Rc8 21.
Rxc8+ Bxc8 22. f3 Nd6 23. Nc6 Qc7 24. Nxe7+ Qxe7 25. Bc5 Qc7 26. Bxb4 Nd5 27.
Ba3 f6 28. Qd3 Nb5 29. Bb2 Qc5 30. Kf2 f5 31. Qc2 Qxc2+ 32. Bxc2 Kf7 33. a3 Bb7
34. Ke2 Ke7 35. Kd2 Kd6 36. Nc3 Nbxc3 37. Bxc3 Nxc3 38. Kxc3 Kc5 39. Bd3 Bc8
40. f4 h6 41. b4+ Kd5 42. g3 g5 43. Bc2 g4 44. Kd3 Bd7 45. Bb3+ Kd6 46. Kd4 Bc6
47. a4 h5 48. a5 Bb5 49. Bc4 Bxc4 50. Kxc4 Kc6 51. b5+ axb5+ 52. Kb4 Kb7 53.
Kxb5 Ka7 54. Kc6 1-0

[Event "Weekend Accademia Primavera"]
[Site "Roma ITA"]
[Date "2011.04.02"]
[Round "4"]
[White "Squicciarini, Simone"]
[Black "Sacco, Davide"]
[Result "1-0"]
[WhiteElo "1584"]
[BlackElo "1597"]
[PlyCount "90"]
[EventDate "2011.04.01"]

1. d4 Nf6 2. Nf3 e6 3. g3 b6 4. Bg2 Bb7 5. O-O Be7 6. c4 c5 7. dxc5 Bxc5 8. Nc3
O-O 9. Qc2 a6 10. e4 Qc7 11. e5 Ne8 12. Ng5 g6 13. Bxb7 Qxb7 14. Nge4 Be7 15.
Bh6 Ng7 16. Nf6+ Kh8 17. Qe4 Qxe4 18. Ncxe4 Ra7 19. Rfd1 d5 20. exd6 Bxf6 21.
Nxf6 Nd7 22. Nxd7 Rxd7 23. b4 Rc8 24. Bxg7+ Kxg7 25. Rac1 Kf8 26. c5 Rc6 27.
cxb6 Rxb6 28. Rc8+ Kg7 29. Rc7 Rdxd6 30. Rxd6 Rxd6 31. Rb7 Rd1+ 32. Kg2 Ra1 33.
Ra7 Rxa2 34. b5 a5 35. b6 Rb2 36. b7 a4 37. Rxa4 Rxb7 38. Ra5 Re7 39. Kf3 f6
40. Ra3 g5 41. Ra4 e5 42. Kg4 Kg6 43. Kf3 h5 44. Ra6 Kf5 45. h3 Re6 1-0

[Event "Weekend Accademia Primavera"]
[Site "Roma ITA"]
[Date "2011.04.02"]
[Round "4"]
[White "Tudorache, Marian"]
[Black "Tosi, Francesco"]
[Result "1/2-1/2"]
[WhiteElo "2039"]
[BlackElo "1874"]
[PlyCount "78"]
[EventDate "2011.04.01"]

1. e4 c5 2. Nf3 b6 3. d4 cxd4 4. Nxd4 Bb7 5. Nc3 a6 6. g3 d6 7. Bg2 Nd7 8. O-O
e6 9. Re1 Be7 10. b3 Qc7 11. Bb2 Ngf6 12. h4 O-O 13. Rc1 Rfe8 14. Nb1 Rad8 15.
c4 Bf8 16. Qc2 Qb8 17. Nd2 Qa8 18. Re2 g6 19. Rce1 Rc8 20. Qb1 Nc5 21. Nb5 Nh5
22. Nc3 Bc6 23. Kh2 Nd7 24. f4 Bh6 25. Rf2 f5 26. Qd3 Bf8 27. exf5 gxf5 28.
Bxc6 Qxc6 29. Rfe2 Ndf6 30. Qf3 Ng4+ 31. Kg2 Qd7 32. Nf1 Nhf6 33. Na4 Rb8 34.
Nd2 b5 35. Nc3 b4 36. Nd1 Bg7 37. Nf2 Nxf2 38. Bxf6 Bxf6 39. Qxf2 e5 1/2-1/2

[Event "Weekend Accademia Primavera"]
[Site "Roma ITA"]
[Date "2011.04.03"]
[Round "5"]
[White "Carnicelli, Valerio"]
[Black "Squicciarini, Simone"]
[Result "1-0"]
[WhiteElo "1903"]
[BlackElo "1584"]
[PlyCount "83"]
[EventDate "2011.04.01"]

1. e4 c6 2. d4 d5 3. Nc3 dxe4 4. Nxe4 Bf5 5. Ng3 Bg6 6. h4 h6 7. Nf3 Nd7 8. h5
Bh7 9. Bd3 Bxd3 10. Qxd3 Ngf6 11. Bd2 e6 12. Qe2 Be7 13. O-O-O Qc7 14. Rhe1
O-O-O 15. Ne5 Nxe5 16. dxe5 Nd5 17. f4 a5 18. Ne4 b5 19. Kb1 a4 20. c4 bxc4 21.
Qxc4 Nb6 22. Qc2 Kb7 23. Rc1 Rd4 24. Be3 Rc4 25. Bxb6 Rxc2 26. Bxc7 Rxc1+ 27.
Rxc1 Kxc7 28. Nc3 Rd8 29. Rd1 Rxd1+ 30. Nxd1 Bc5 31. g4 Bg1 32. Nc3 Be3 33. Ne2
Kb6 34. Kc2 Kb5 35. Kd3 Bf2 36. f5 Kc5 37. fxe6 fxe6 38. Ke4 Kc4 39. Nf4 Bd4
40. b3+ axb3 41. axb3+ Kxb3 42. Kxd4 1-0

[Event "Weekend Accademia Primavera"]
[Site "Roma ITA"]
[Date "2011.04.03"]
[Round "5"]
[White "Caruso, Antonino"]
[Black "Prudenzano, Ruggero"]
[Result "0-1"]
[WhiteElo "1723"]
[BlackElo "1953"]
[PlyCount "94"]
[EventDate "2011.04.01"]

1. c4 c5 2. g3 Nf6 3. Bg2 e6 4. b3 Qc7 5. Bb2 Nc6 6. e3 Be7 7. Ne2 b6 8. Na3
Bb7 9. Nc2 O-O 10. O-O d5 11. d3 Rad8 12. Qe1 Ne5 13. Rd1 Rd7 14. d4 Ng6 15.
cxd5 Bxd5 16. f3 c4 17. e4 cxb3 18. exd5 bxc2 19. dxe6 cxd1=Q 20. exf7+ Rxf7
21. Qxd1 Nd5 22. Qb3 Qd6 23. a3 Bf8 24. Rd1 Qe7 25. Kf2 Kh8 26. f4 Qd6 27. Bc1
Nge7 28. Ng1 g5 29. Nf3 gxf4 30. gxf4 Ng6 31. Ne5 Nxe5 32. dxe5 Qc5+ 33. Kf3
Qc3+ 34. Qxc3 Nxc3 35. Rxd7 Rxd7 36. f5 Rd3+ 37. Kg4 Nd5 38. f6 Ne3+ 39. Bxe3
Rxe3 40. Kf5 Rxa3 41. Bd5 Ra5 42. Ke4 Ra4+ 43. Kf5 Rd4 44. Ba2 Rd2 45. Bf7 Rf2+
46. Ke6 Bb4 47. Kd7 Bc3 0-1

[Event "Weekend Accademia Primavera"]
[Site "Roma ITA"]
[Date "2011.04.03"]
[Round "5"]
[White "Covello, Danilo"]
[Black "Chiaretti, Roberto"]
[Result "0-1"]
[WhiteElo "1455"]
[BlackElo "2214"]
[PlyCount "40"]
[EventDate "2011.04.01"]

1. d4 Nf6 2. Nf3 e6 3. e3 c5 4. b3 b6 5. Bb2 Bb7 6. Nbd2 Be7 7. Be2 O-O 8. O-O
d6 9. c4 Nbd7 10. Re1 Rc8 11. Bf1 d5 12. cxd5 exd5 13. Ne5 Bd6 14. Ndf3 Ne4 15.
Rc1 f6 16. Nxd7 Qxd7 17. g3 Qc6 18. Bg2 c4 19. Ba1 Ba3 20. Rc2 Bb4 0-1

[Event "Weekend Accademia Primavera"]
[Site "Roma ITA"]
[Date "2011.04.03"]
[Round "5"]
[White "Disi, Alessandro"]
[Black "Sacco, Davide"]
[Result "0-1"]
[WhiteElo "1528"]
[BlackElo "1597"]
[PlyCount "76"]
[EventDate "2011.04.01"]

1. d4 Nf6 2. c4 e6 3. Nc3 d5 4. Bg5 Be7 5. e3 c6 6. Nf3 O-O 7. Qc2 Nbd7 8. cxd5
Nxd5 9. Bxe7 Qxe7 10. Bd3 g6 11. Nxd5 exd5 12. O-O Nf6 13. Rfe1 Ne4 14. Nd2 f5
15. f3 Nxd2 16. Qxd2 Qd6 17. e4 fxe4 18. fxe4 Be6 19. e5 Qe7 20. Re3 Rf4 21.
Rf1 Raf8 22. Be2 Qf7 23. Rff3 Qe7 24. Rxf4 Rxf4 25. Ra3 Qg5 26. Qc3 Qf5 27. Bf3
g5 28. g4 Qb1+ 29. Kg2 Bxg4 30. Bxg4 Rxg4+ 31. Kf3 Qd1+ 32. Ke3 Re4+ 33. Kf2
Qe2+ 34. Kg1 Rg4+ 35. Qg3 Rxg3+ 36. hxg3 a6 37. b4 Qc4 38. Rf3 Qxd4+ 0-1

[Event "Weekend Accademia Primavera"]
[Site "Roma ITA"]
[Date "2011.04.03"]
[Round "5"]
[White "Fargnoli, Maurizio"]
[Black "Disi, Federico"]
[Result "1-0"]
[WhiteElo "1694"]
[BlackElo "1386"]
[PlyCount "59"]
[EventDate "2011.04.01"]

1. e4 e5 2. Nf3 Nc6 3. Bc4 Nf6 4. d3 Bc5 5. O-O d6 6. h3 O-O 7. Bg5 h6 8. Bh4
b6 9. c3 Bb7 10. b4 b5 11. Bd5 Bb6 12. a4 a6 13. Na3 Nxd5 14. Bxd8 Nxc3 15. Qc2
Nxa4 16. Bh4 Nd4 17. Nxd4 exd4 18. f4 Rfe8 19. Kh2 d5 20. e5 Re6 21. Rae1 Rc6
22. Qd2 Rc3 23. f5 Rxa3 24. f6 c6 25. fxg7 Kxg7 26. e6 fxe6 27. Rxe6 Bc7+ 28.
Kh1 Bc8 29. Qxh6+ Kg8 30. Rg6# 1-0

[Event "Weekend Accademia Primavera"]
[Site "Roma ITA"]
[Date "2011.04.03"]
[Round "5"]
[White "Lisi, Sebastiano"]
[Black "Quimi, Marco"]
[Result "0-1"]
[WhiteElo "1967"]
[BlackElo "2140"]
[PlyCount "33"]
[EventDate "2011.04.01"]

1. e4 c5 2. Nc3 Nc6 3. f4 g6 4. Nf3 Bg7 5. Bc4 e6 6. O-O Nge7 7. Qe1 O-O 8. Bb3
d5 9. d3 b5 10. f5 c4 11. dxc4 dxc4 12. Qh4 f6 13. Bxc4 bxc4 14. Be3 Qa5 15.
Rad1 Rd8 16. Rxd8+ Qxd8 17. Rd1 0-1

[Event "Weekend Accademia Primavera"]
[Site "Roma ITA"]
[Date "2011.04.03"]
[Round "5"]
[White "Marelli, Emanuele"]
[Black "Di Carlo, Adriano"]
[Result "0-1"]
[WhiteElo "1622"]
[BlackElo "1749"]
[PlyCount "112"]
[EventDate "2011.04.01"]

1. d4 d5 2. c4 c6 3. Nf3 e6 4. e3 Nf6 5. Nc3 Nbd7 6. Bd3 dxc4 7. Bxc4 b5 8. Bd3
Bb7 9. O-O a6 10. Bd2 c5 11. dxc5 Bxc5 12. Be2 O-O 13. Rc1 Rc8 14. a3 Qe7 15.
Ne1 Ne5 16. Nd3 Nxd3 17. Bxd3 Rfd8 18. Bb1 Qd6 19. Be1 Qc6 20. Qf3 Qc7 21. Ne4
Qe7 22. Nxf6+ gxf6 23. Qg4+ Kf8 24. Bxh7 Qd6 25. Rxc5 Rxc5 26. Bb4 Rdc8 27. Rd1
Qb6 28. Rc1 a5 29. Bxc5+ Rxc5 30. Rd1 Rg5 31. Qd4 Qxd4 32. Rxd4 Rxg2+ 33. Kf1
f5 34. Rd8+ Ke7 35. Rb8 Bf3 36. Bg8 Rxh2 37. Ke1 Rh1+ 38. Kd2 Rf1 39. Rxb5
Rxf2+ 40. Kc3 Re2 41. Rxa5 Rxe3+ 42. Kd4 Re4+ 43. Kc3 Bh5 44. b4 f4 45. Rxh5
Re3+ 46. Kc4 Rxa3 47. Rh7 e5 48. Bxf7 Kf6 49. Bd5 Ra1 50. b5 Rc1+ 51. Kb4 Rb1+
52. Ka5 Ra1+ 53. Kb4 Re1 54. Re7 Kxe7 55. Bb7 e4 56. b6 Rc1 0-1

[Event "Weekend Accademia Primavera"]
[Site "Roma ITA"]
[Date "2011.04.03"]
[Round "5"]
[White "Maurizio, Antonio"]
[Black "Maddaloni, Giovanni"]
[Result "1-0"]
[WhiteElo "1921"]
[BlackElo "1827"]
[PlyCount "97"]
[EventDate "2011.04.01"]

1. d4 Nf6 2. Nf3 e6 3. Bg5 h6 4. Bh4 d5 5. c4 c6 6. Nc3 Nbd7 7. e3 Qa5 8. Nd2
Bb4 9. Qc2 Ne4 10. Ndxe4 dxe4 11. Be2 Nf6 12. O-O Bxc3 13. bxc3 Bd7 14. Rab1 b6
15. f3 exf3 16. Rxf3 Ke7 17. Rbf1 Rag8 18. e4 e5 19. Bxf6+ gxf6 20. Rxf6 Rg7
21. Bh5 exd4 22. Rxf7+ Rxf7 23. Rxf7+ Kd8 24. Bd1 Qxc3 25. Qxc3 dxc3 26. Rf3
Re8 27. Bc2 Re5 28. Rxc3 Rc5 29. Bb3 b5 30. Rc2 b4 31. Kf2 Ke7 32. Ke3 Rg5 33.
c5 Be6 34. Bxe6 Kxe6 35. Kf4 a5 36. g4 Rg8 37. Rd2 Rf8+ 38. Ke3 Rf1 39. Rd6+
Ke7 40. Rxc6 Ra1 41. Rxh6 Rxa2 42. Kd3 Ra3+ 43. Kc4 Re3 44. Kb5 Rxe4 45. Kxa5
Rxg4 46. Rb6 Rh4 47. Rxb4 Rxh2 48. Kb6 Rh6+ 49. Kb7 1-0

[Event "Weekend Accademia Primavera"]
[Site "Roma ITA"]
[Date "2011.04.03"]
[Round "5"]
[White "Movileanu, Daniela"]
[Black "Barletta, Antonio"]
[Result "0-1"]
[WhiteElo "1940"]
[BlackElo "2015"]
[PlyCount "140"]
[EventDate "2011.04.01"]

1. e4 Nc6 2. Nf3 d5 3. exd5 Qxd5 4. Nc3 Qa5 5. d4 e6 6. Bc4 Nf6 7. Bd2 Bb4 8.
Qe2 O-O 9. O-O a6 10. a3 Bxc3 11. Bxc3 Qh5 12. Rad1 b5 13. Bd3 Bb7 14. Ne5 Qxe2
15. Bxe2 Ne7 16. Ba5 Rac8 17. Rfe1 Rfd8 18. Bf3 Bxf3 19. Nxf3 Nc6 20. Bc3 Nd5
21. Bd2 h6 22. Kf1 Rd7 23. Ne5 Nxe5 24. Rxe5 Nb6 25. Re4 c5 26. b3 Rxd4 27.
Rxd4 cxd4 28. Ba5 Nd5 29. Rxd4 Rxc2 30. a4 Kf8 31. axb5 axb5 32. Be1 h5 33. g3
g5 34. h3 Rb2 35. Rd3 g4 36. hxg4 hxg4 37. Bd2 f5 38. Ke1 Ke8 39. Bc1 Rc2 40.
Bd2 Rb2 41. Bc1 Ra2 42. Bd2 Kd7 43. Bf4 Kc6 44. Be5 Kc5 45. Kf1 Rc2 46. Kg2 b4
47. Kf1 Kb5 48. Ke1 Kc5 49. Kf1 Nc3 50. Bd6+ Kb5 51. Be5 Ne4 52. Rd8 Nd2+ 53.
Kg2 Nf3 54. Rb8+ Ka6 55. Bf4 Rb2 56. Kf1 Rxb3 57. Be3 e5 58. Ke2 Nd4+ 59. Kd2
Ka5 60. Re8 Ka4 61. Ra8+ Kb5 62. Re8 Kc4 63. Rc8+ Kd5 64. Rd8+ Ke4 65. Re8 Rb2+
66. Kc1 Rc2+ 67. Kb1 b3 68. Rb8 Re2 69. Rc8 Nc2 70. Bc5 Nd4 0-1

[Event "Weekend Accademia Primavera"]
[Site "Roma ITA"]
[Date "2011.04.03"]
[Round "5"]
[White "Passeri, Marco"]
[Black "De Carolis, Massimo"]
[Result "0-1"]
[WhiteElo "1521"]
[BlackElo "1972"]
[PlyCount "110"]
[EventDate "2011.04.01"]

1. d4 Nf6 2. c4 e6 3. Nc3 Bb4 4. a3 Bxc3+ 5. bxc3 c5 6. e3 O-O 7. Bd3 b6 8. e4
d6 9. Bg5 e5 10. d5 Nbd7 11. Ne2 Re8 12. O-O h6 13. Bh4 Nf8 14. Qc2 Ng6 15. Bg3
Nh5 16. Qd2 Bd7 17. a4 a6 18. Rfb1 Qc7 19. a5 bxa5 20. Qa2 a4 21. Bc2 Reb8 22.
Bxa4 Rxb1+ 23. Rxb1 Bxa4 24. Qxa4 Rb8 25. Qa2 Nf6 26. f3 Rb6 27. Kf2 Qb7 28.
Rxb6 Qxb6 29. Nc1 Nd7 30. Nb3 Nb8 31. Ke3 Qd8 32. Qa4 Qd7 33. Qxd7 Nxd7 34. Na5
Nb6 35. Kd3 Kf8 36. Nc6 Ne7 37. Nxe5 dxe5 38. Bxe5 Nd7 39. Bc7 f6 40. f4 Ke8
41. g4 Ng6 42. Ke3 Ne7 43. e5 fxe5 44. fxe5 a5 45. Bxa5 Nxe5 46. Bc7 Nxc4+ 47.
Kd3 Nxd5 48. Kxc4 Nxc7 49. Kxc5 Kd7 50. c4 g6 51. h3 Ne6+ 52. Kb6 Kd6 53. Kb5
Ke5 54. c5 Kf4 55. Kc6 Kg3 0-1

[Event "Weekend Accademia Primavera"]
[Site "Roma ITA"]
[Date "2011.04.03"]
[Round "5"]
[White "Reina, Giuseppe"]
[Black "Capparelli, Stefano"]
[Result "1-0"]
[WhiteElo "1830"]
[BlackElo "1473"]
[PlyCount "47"]
[EventDate "2011.04.01"]

1. Nf3 d6 2. d4 g6 3. c4 Bg7 4. Nc3 Nf6 5. e4 O-O 6. Be2 Nbd7 7. Bg5 c5 8. O-O
cxd4 9. Nxd4 Nc5 10. f3 Qb6 11. Rb1 Nfd7 12. Nd5 Bxd4+ 13. Qxd4 e5 14. Nxb6
exd4 15. Nxa8 Ne6 16. Be7 Re8 17. Bxd6 Nb6 18. Nxb6 axb6 19. b4 Rd8 20. c5 bxc5
21. bxc5 d3 22. Bxd3 Nxc5 23. Bxc5 Rxd3 24. Rfd1 1-0

[Event "Weekend Accademia Primavera"]
[Site "Roma ITA"]
[Date "2011.04.03"]
[Round "5"]
[White "Ricci, Stefano"]
[Black "Bolla, Vittorio"]
[Result "1-0"]
[WhiteElo "1518"]
[BlackElo "1782"]
[PlyCount "119"]
[EventDate "2011.04.01"]

1. e4 e6 2. d4 d5 3. e5 c5 4. c3 Nc6 5. Nf3 Qb6 6. a3 c4 7. Qc2 f6 8. Bf4 Be7
9. h4 Bd7 10. Nbd2 fxe5 11. Nxe5 Nxe5 12. Bxe5 Bf6 13. O-O-O Bxe5 14. dxe5 Qxf2
15. Bxc4 dxc4 16. Qe4 Bc6 17. Qxc4 Qf5 18. Rhf1 Qxe5 19. Nb3 Nf6 20. Rfe1 Ne4
21. Nc5 Qf4+ 22. Kc2 Qf2+ 23. Re2 Qxe2+ 24. Qxe2 Nxc5 25. Qh5+ g6 26. Qxc5 Rf8
27. Qd6 Ba4+ 28. b3 Rf2+ 29. Kb1 Bxb3 30. Qd7+ Kf8 31. Qxh7 Bxd1 32. Qh8+ Ke7
33. Qxa8 Bc2+ 34. Kc1 Be4 35. Qxa7 Rc2+ 36. Kd1 Rxc3 37. Qb6 Rc6 38. Qb4+ Rd6+
39. Ke2 Bxg2 40. Qg4 Bd5 41. Qxg6 Bc4+ 42. Ke3 b5 43. Qg7+ Ke8 44. Qa7 Rd3+ 45.
Kf4 Rd7 46. Qa8+ Kf7 47. Qh1 Rd3 48. h5 Rxa3 49. Qb7+ Ke8 50. Ke5 Re3+ 51. Kd6
Rd3+ 52. Kc6 Bd5+ 53. Kxb5 Rb3+ 54. Kc5 Rc3+ 55. Kd4 Rc4+ 56. Ke5 Rc6 57. Qg7
Kd8 58. h6 Rc4 59. h7 Re4+ 60. Kd6 1-0

[Event "Weekend Accademia Primavera"]
[Site "Roma ITA"]
[Date "2011.04.03"]
[Round "5"]
[White "Ricci, Stefano"]
[Black "Bolla, Vittorio"]
[Result "1-0"]
[WhiteElo "1518"]
[BlackElo "1782"]
[PlyCount "119"]
[EventDate "2011.04.01"]

1. e4 e6 2. d4 d5 3. e5 c5 4. c3 Nc6 5. Nf3 Qb6 6. a3 c4 7. Qc2 f6 8. Bf4 Be7
9. h4 Bd7 10. Nbd2 fxe5 11. Nxe5 Nxe5 12. Bxe5 Bf6 13. O-O-O Bxe5 14. dxe5 Qxf2
15. Bxc4 dxc4 16. Qe4 Bc6 17. Qxc4 Qf5 18. Rhf1 Qxe5 19. Nb3 Nf6 20. Rfe1 Ne4
21. Nc5 Qf4+ 22. Kc2 Qf2+ 23. Re2 Qxe2+ 24. Qxe2 Nxc5 25. Qh5+ g6 26. Qxc5 Rf8
27. Qd6 Ba4+ 28. b3 Rf2+ 29. Kb1 Bxb3 30. Qd7+ Kf8 31. Qxh7 Bxd1 32. Qh8+ Ke7
33. Qxa8 Bc2+ 34. Kc1 Be4 35. Qxa7 Rc2+ 36. Kd1 Rxc3 37. Qb6 Rc6 38. Qb4+ Rd6+
39. Ke2 Bxg2 40. Qg4 Bd5 41. Qxg6 Bc4+ 42. Ke3 b5 43. Qg7+ Ke8 44. Qa7 Rd3+ 45.
Kf4 Rd7 46. Qa8+ Kf7 47. Qh8 Rd3 48. h5 Rxa3 49. Qh7+ Ke8 50. Ke5 Re3+ 51. Kd6
Rd3+ 52. Kc6 Bd5+ 53. Kxb5 Rb3+ 54. Kc5 Rc3+ 55. Kd4 Rc4+ 56. Ke5 Rc6 57. Qg7
Kd8 58. h6 Rc4 59. h7 Re4+ 60. Kd6 1-0

[Event "Weekend Accademia Primavera"]
[Site "Roma ITA"]
[Date "2011.04.03"]
[Round "5"]
[White "Tosi, Francesco"]
[Black "Castellano, Lorenzo"]
[Result "1/2-1/2"]
[WhiteElo "1874"]
[BlackElo "1874"]
[PlyCount "119"]
[EventDate "2011.04.01"]

1. Nf3 Nf6 2. c4 g6 3. b3 Bg7 4. Bb2 d6 5. d4 O-O 6. g3 Bf5 7. Bg2 Qd7 8. Nh4
Nc6 9. Nxf5 Qxf5 10. Nd2 Ng4 11. Nf3 e5 12. O-O Rfe8 13. h3 Nh6 14. e4 Qd7 15.
dxe5 Nxe5 16. Nxe5 Bxe5 17. Bxe5 Rxe5 18. f4 Re7 19. Qd2 f5 20. Qd5+ Kg7 21.
Qxb7 Rae8 22. e5 dxe5 23. Rad1 Qe6 24. Qxa7 e4 25. Rd5 c6 26. Qd4+ Kg8 27. Rd6
Qc8 28. Qc5 Qa8 29. Rf2 Rc7 30. Re2 Nf7 31. Rdd2 Rd8 32. Kh2 Rcd7 33. Qb4 Qa7
34. Rxd7 Qxd7 35. Qc3 g5 36. c5 gxf4 37. gxf4 Qc7 38. Qg3+ Kh8 39. Bf1 Rd3 40.
Re3 Rd2+ 41. Kg1 Qa5 42. Qh4 Qxc5 43. Qf6+ Kg8 44. Qc3 Qxc3 45. Rxc3 Rxa2 46.
Rxc6 Kg7 47. b4 Rb2 48. b5 Nd8 49. Rd6 Nf7 50. Rd5 Nd8 51. Re5 Nf7 52. Rxf5 e3
53. Bd3 Rd2 54. Rxf7+ Kxf7 55. Bc4+ Kf6 56. Kf1 Rb2 57. Bd3 h6 58. b6 Rxb6 59.
Ke2 Re6 60. Kf3 1/2-1/2

[Event "Weekend Accademia Primavera"]
[Site "Roma ITA"]
[Date "2011.04.03"]
[Round "5"]
[White "Tulli, Cesare"]
[Black "Pica, Livia"]
[Result "1/2-1/2"]
[WhiteElo "1479"]
[BlackElo "1695"]
[PlyCount "72"]
[EventDate "2011.04.01"]

1. d4 Nf6 2. c4 g6 3. Nf3 Bg7 4. Bf4 O-O 5. h3 d6 6. e3 Nc6 7. Be2 Re8 8. O-O
Ne4 9. Nbd2 Bf5 10. Nxe4 Bxe4 11. Nd2 Bf5 12. e4 Bc8 13. Nf3 e5 14. dxe5 Nxe5
15. Qc2 Nc6 16. a3 Qe7 17. Bd3 Nd8 18. Rae1 Ne6 19. Bg3 Nc5 20. b4 Nxd3 21.
Qxd3 b6 22. Re2 Bb7 23. Rfe1 Rad8 24. Nd2 c5 25. f3 Qg5 26. f4 Bd4+ 27. Kh2 Qh6
28. Nf3 Bf6 29. Qc2 Qh5 30. Qb3 Re6 31. Bf2 Qh6 32. Bg3 Rde8 33. e5 dxe5 34.
fxe5 Bd8 35. bxc5 Bxf3 36. Qxf3 bxc5 1/2-1/2